| 000 | 00977nas1a22002051i 4500 | ||
|---|---|---|---|
| 001 | rc\913986 | ||
| 005 | 20260406114920.0 | ||
| 035 | _a(NLR Aleph) 006242435 | ||
| 090 |
_a6678440 _c6678440 |
||
| 100 | _a20041129a19829999u |0rusy50 ca | ||
| 101 | 0 | _arus | |
| 102 | _aRU | ||
| 200 | 1 |
_aАннотированный указатель научно-исследовательских работ _fАМН СССР. Науч. совет по гигиене, Пробл. комис. "Науч. основы гигиены окружающей среды", Головное учреждение - НИИ общ. и коммун. гигиены им. А.Н. Сысина |
|
| 210 |
_aМ. _d1982- |
||
| 333 | _aДСП | ||
| 710 | 0 | 2 |
_aАМН СССР _bПроблемная комиссия "Научные основы гигиены окружающей среды" _9295073 _3RU\NLR\AUTH\8811198 |
| 801 | 0 |
_aRU _bNLR _gpsbo |
|
| 801 | 1 |
_aRU _bELAR _2rusmarc |
|
| 852 |
_aNLR _jП16/1617 |
||
| 942 | _cSE | ||